Biblioteka Instytutu Północnego w Olsztynie

Widok standardowy Widok MARC

Pozycja Personal Name

Liczba rekordów, w których użyto hasła: 1

001 - Numer kontrolny

  • control field: 40160

003 - Identyfikator numeru kontrolnego

  • control field: NUKAT

005 - Data i czas ostatniej modyfikacji

  • control field: 20260416124456.0

008 - Dane kontrolne kodowane (40 znaków)

  • fixed length control field: 191008n||a|znnaabn |a aaa |c

010 ## - Numer kontrolny Biblioteki Kongresu

  • numer kontrolny LC: n 2019031780

024 7# - OTHER STANDARD IDENTIFIER

  • Standard number or code: 302831037
  • Source of number or code: viaf

024 7# - OTHER STANDARD IDENTIFIER

  • Standard number or code: 0000000409445022
  • Source of number or code: isni

040 ## - Instytucja sporządzająca rekord

  • inst. przygot. dane do rek. khw: WA U/EBA
  • język haseł przedmiotowych/tezaurus: kaba
  • inst. wprow. rek. khw: WA U/EBA

046 ## - Special dates

  • Birth date: 1976

100 1# - Hasło - nazwa osobowa

  • nazwa osobowa w formie ujednoliconej: Ślusarski, Konrad
  • daty biograficzne: (1976- ).

372 ## - Field of activity

  • Field: Historia.
  • Auth control #: http://nukat.edu.pl/aut/s 94205867
  • Source of term: kaba

374 ## - Occupation

  • Occupation: Historycy.
  • Auth control #: http://nukat.edu.pl/aut/s 94205772
  • Source of term: kaba

400 1# - Trop zob. - nazwa osobowa

  • nazwa osobowa (nazwisko, imiona): Ślusarski, Konrad Wiesław.

670 ## - Źródło informacji

  • źródło informacji: Zbiór fotografii Głównej Komisji Badania Zbrodni przeciwko Narodowi Polskiemu - Instytutu Pamięci Narodowej : przegląd zawartości / redakcja naukowa Tomasz Stempowski, Konrad Wiesław Ślusarski. - Warszawa, 2019.

670 ## - Źródło informacji

  • źródło informacji: BNPol online
Biblioteka Instytutu Północnego, ul. Partyzantów 87, 10-402 Olsztyn, email: biblioteka(at)ip.olsztyn.pl